000 00845cam a2200229 a 4500
001 000011883
005 20200929162614.0
008 831220s1986 sp a 001 0 spa d
040 _aDO-SdBNP
_cCarP
_dDLC
082 _a461
_bN322m, 1986
100 1 _aNavarro Tomás, Tomás,
_d1884-1979
_915936
245 1 0 _aManual de pronunciación española /
_cTomás Navarro Tomás.
250 _a14a. ed.
260 _aMadrid :
_bConsejo Superior de Investigaciones Científicas, Instituto "Miguel de Cervantes",
_c1986.
300 _a326 p. :
_bil. ;
_c21 cm.
490 1 _aPublicaciones de la Revista de filología española
_v3
650 4 _aEspañol
_xFonética
_918781
650 4 _aEspañol
_xPronunciación
_92218
830 0 _aPublicaciones de la Revista de filología española ;
_v3
_928090
910 _aCatalogación derivada
049 _aBNGR
999 _c11555
_d11555